000 00355nam a2200145Ia 4500
008 200103s9999||||xx |||||||||||||| ||und||
040 _aIMU-MPC
082 _aColumn-33
100 _aD'Souza, A. C.
245 0 _aWorked Examples in Mechanics of Materials
250 _aVol. 2
260 _bIliffe Books Ltd., London
_c1967
300 _a130
942 _cBK
999 _c7741
_d7741